| 000 | 01385nam a2200361 i 4500 | ||
|---|---|---|---|
| 001 | bg | ||
| 003 | BPK | ||
| 005 | 20191024085241.0 | ||
| 008 | 970629s1990 pl a f f |000 0 pol | ||
| 015 | _aPB 1992/9684 | ||
| 020 | _a8321334539 | ||
| 020 | _a8321334733 | ||
| 040 |
_aWA N _cBPK |
||
| 080 | _a692 | ||
| 080 | _a624.01/.07 | ||
| 080 | _a(075.8) | ||
| 100 | 1 |
_aŻenczykowski, Wacław _d(1897-1957) _eAutor |
|
| 245 | 1 | 0 |
_aBudownictwo ogólne. _nT. 2 [cz.] 1, _pElementy i konstrukcje budowlane / _cWacław Żenczykowski ; pod kier. Z[bigniewa] Dziarnowskiego ; poszczeg. rozdz. oprac. Zbigniew Ablewicz [et al.]. |
| 246 | 3 | 0 | _aElementy i konstrukcje budowlane |
| 250 | _aWyd. 8 (6 drukowane). | ||
| 260 |
_aWarszawa : _b"Arkady", _c1990 _e(Warsz. : _fDRP). |
||
| 300 |
_a569, [7] s. : _bfot., rys., wykr. ; _c25 cm. |
||
| 504 | _aBibliogr., wykaz norm przy rozdz. | ||
| 521 | _aDla studentów wydziałów inżynierii lądowej wyższych uczelni technicznych. | ||
| 655 | 4 | _aPodręczniki akademickie | |
| 650 | 4 | _aKonstrukcje budowlane | |
| 650 | 4 | _aBudownictwo | |
| 710 | 2 |
_aWydawnictwo "Arkady". _4pbl. |
|
| 700 | 1 |
_aDziarnowski, Zbigniew _eRedakcja |
|
| 700 | 1 |
_aAblewicz, Zbigniew _eOpracowanie |
|
| 856 |
_uhttp://koha.tu.koszalin.pl/cgi-bin/koha/opac-detail.pl?biblionumber=4612 _yKatalog online BPK |
||
| 942 |
_2UKD _cKS |
||
| 999 |
_c4612 _d4612 |
||